Normal view
MARC view
Entry Nombre corporativo
001 - NÚMERO DE CONTROL
- campo de control: 88082
003 - IDENTIFICADOR DEL NÚMERO DE CONTROL
- campo de control: DO-SdBNP
005 - FECHA Y HORA DE LA ÚLTIMA TRANSACCIÓN
- campo de control: 20250612105709.0
008 - DATOS DE LONGITUD FIJA
- campo de control de longitud fija: 250612|| aca||aabn | a|a d
040 ## - FUENTE DE LA CATALOGACIÓN
- Centro catalogador/agencia de origen: DO-SdBNP
110 ## - ENCABEZAMIENTO-NOMBRE DE ENTIDAD CORPORATIVA
- Nombre de entidad corporativa o nombre de jurisdicción como elemento de entrada: Comisión Nacional de Defensa de la Competencia (PRO-COMPETENCIA)
370 ## - LUGAR ASOCIADO
- País asociado: República Dominicana
372 ## - CAMPO DE ACTIVIDAD
- Campo de actividad: Eficiencia económica
372 ## - CAMPO DE ACTIVIDAD
- Campo de actividad: Competencia
678 ## - DATOS BIOGRÁFICOS O HISTÓRICOS
- Datos biográficos o históricos: La Comisión Nacional de Defensa de la Competencia (PRO-COMPETENCIA) es el organismo del Estado dominicano responsable de promover y garantizar la existencia de la competencia efectiva para incrementar la eficiencia económica en los mercados de productos y servicios, en beneficio de los consumidores y usuarios. El objetivo fundamental de PRO-COMPETENCIA es velar por el eficiente funcionamiento de los mercados por efecto de la libre competencia; mediante la generación de una cultura de buenas prácticas en los diferentes ramos de la actividad económica nacional y la promoción de políticas públicas que promuevan la competencia mediante la eliminación de restricciones al ejercicio responsable del derecho a la libre empresa. PRO-COMPETENCIA es un organismo descentralizado con personalidad jurídica, patrimonio propio y autonomía jurisdiccional y administrativa para el ejercicio de sus facultades legales y el cumplimiento de los objetivos de la Ley General de Defensa de la Competencia, Núm. 42-08.
